| 000 | nkm a22 a 4500 | ||
|---|---|---|---|
| 999 |
_c398284 _d398284 |
||
| 003 | BLK | ||
| 005 | 20210212105402.0 | ||
| 008 | 210212b bu ||||| |||| 00| 0 bu d | ||
| 040 | _aBLK | ||
| 041 |
_aDEU _cDEU |
||
| 080 |
_aИзточно християнство. Източна църква _b271 _x(497.2)(091)(084) _z271(497.2)(091)(084) |
||
| 080 |
_aМанастирски сгради. Религиозни домове _b726.7 _x(497.2)(084) _z726.7(497.2)(084) |
||
| 080 |
_aРелигиозна живопис _b75.046 _x(497.2)(084) _z75.046(497.2)(084) |
||
| 100 |
_91299 _aTschavrakov, Georgi Ivanov _eпърви автор |
||
| 139 | _aTschavrakov, Georgi Ivanov | ||
| 245 |
_aBulgarische Klоster _bDenkmаler der Geschichte, Kultur und Kunst _cGeorgi Tschavrakov ; ubers. [от бълг.] Iris von Bredow ; fotogr. Strahil Dobrev |
||
| 260 |
_9210692 _aSofia _bNauka i iskustwo _c1975 |
||
| 300 |
_a1 албум (375 с.) _bс ил. и репрод. _c33 см |
||
| 380 | _a2 | ||
| 500 | _aОриг. загл.: Български манастири Името на авт. не е отбелязано на кор. Пълното име на Страхил Добрев е Страхил Добрев Стоев 2000 тир. | ||
| 504 | _aБиблиогр.: с. 369-371 | ||
| 650 | 0 |
_9321687 _aМанастири - България - архитектура |
|
| 650 | 7 |
_9161096 _aМанастири |
|
| 650 | 0 |
_9276521 _aЖивопис, религиозна |
|
| 653 | 7 |
_9190404 _aманастири |
|
| 700 |
_91040 _aBredow, Iris Alexandra von _eпрев. от бълг. |
||
| 700 |
_9112 _aDobrev, Strahil _efotogr. |
||
| 852 |
_aЦб ІІ 26623 _bЦб |
||
| 942 |
_cGRA _n0 _s1 |
||
| 944 |
_aCR _c2021-02-12 _kМикаела Микова - Илиева _l2021-02-12 |
||
| 999 | _d398284 | ||
| 999 | _d398284 | ||